000 00415nam a2200169Ia 4500
003 GCL
008 140319s9999 xx 000 0 eng d
040 _aGCL /
_cGCL
082 0 4 _aCH
_b843
_bI P
100 1 _aIVANOVSKY, ELISABETH
245 1 0 _aLA PETITE SIRENE /
_cIVANOVSKY, ELISABETH
300 _a28 P
650 0 4 _aCHILDREN
650 0 4 _aFRENCH LITERATURE
650 0 4 _aCHILDREN - FICTION
942 _2ddc
_cBK
999 _c15045
_d15045